Statistics for Countries By Most Expensive Healthcare

Click here to take the quiz!

General Stats

  • This quiz has been taken 26 times
  • The average score is 6 of 10

Answer Stats

$Answer% Correct
$10,586United States
100%
$5,986Germany
64%
$5,299Denmark
60%
$5,447Sweden
60%
$5,288Netherlands
56%
$6,187Norway
56%
$7,317Switzerland
56%
$5,005Australia
52%
$5,395Austria
40%
$5,070Luxembourg
32%

Score Distribution

Percentile by Number Answered

Percent of People with Each Score

Your Score History

You have not taken this quiz